Լուսինը և ասպետը ։ (Record no. 531348)
[ view plain ]
| 000 -LEADER | |
|---|---|
| fixed length control field | 01451nam a2200289 a 4500 |
| 001 - CONTROL NUMBER | |
| control field | 1945962 |
| 003 - CONTROL NUMBER IDENTIFIER | |
| control field | AM-YEHGA |
| 005 - DATE AND TIME OF LATEST TRANSACTION | |
| control field | 20250617164902.0 |
| 008 - FIXED-LENGTH DATA ELEMENTS--GENERAL INFORMATION | |
| fixed length control field | 240307s2022 caua||||||||||||||1|arm|d |
| 020 ## - INTERNATIONAL STANDARD BOOK NUMBER | |
| International Standard Book Number | 9798823145756 (փափուկ կազմ) |
| 020 ## - INTERNATIONAL STANDARD BOOK NUMBER | |
| International Standard Book Number | 9798823155960 (կոշտ կազմ) |
| 040 ## - CATALOGING SOURCE | |
| Original cataloging agency | AM-YeHGA |
| 041 0# - LANGUAGE CODE | |
| Language code of text/sound track or separate title | arm |
| 090 ## - LOCALLY ASSIGNED LC-TYPE CALL NUMBER (OCLC); LOCAL CALL NUMBER (RLIN) | |
| -- | 570108 |
| 100 1# - MAIN ENTRY--PERSONAL NAME | |
| Personal name | Սահակյան, Գառնիկ |
| 245 10 - TITLE STATEMENT | |
| Title | Լուսինը և ասպետը ։ |
| Remainder of title | Պատմվածքներ = The moon and the knight / |
| Statement of responsibility, etc. | Գ. Սահակյան ; Ձևավորող՝ Ա. Նաջարյան ; Սրբագրիչ՝ Ա. Միքայելյան ; Նկարիչ՝ Ա. Գյուրջինյան, Ա. Նաջարյան. |
| 246 14 - VARYING FORM OF TITLE | |
| Title proper/short title | The moon and the knight ։ |
| Remainder of title | And other stories |
| 246 14 - VARYING FORM OF TITLE | |
| Title proper/short title | Լուսինը և ասպետը և այլ պատմվածքներ |
| 260 ## - PUBLICATION, DISTRIBUTION, ETC. | |
| Place of publication, distribution, etc. | Los Angeles, USA : |
| Name of publisher, distributor, etc. | [Առանց հրատ.], |
| Date of publication, distribution, etc. | 2022. |
| 300 ## - PHYSICAL DESCRIPTION | |
| Extent | 281 էջ ։ |
| Other physical details | նկար ; |
| Dimensions | 23 սմ. |
| 500 ## - GENERAL NOTE | |
| General note | Գիրքը պարունակում է 1989-94 թվականներին գրված գործերը։ Բոլոր կերպարները, իրադարձություններն ու վայրերը հեղինակի հորինվածքն են։ |
| 650 14 - SUBJECT ADDED ENTRY--TOPICAL TERM | |
| Topical term or geographic name entry element | Հայ արձակ |
| 700 1# - ADDED ENTRY--PERSONAL NAME | |
| Personal name | Միքայելյան, Արևիկ |
| Relator term | սրբագրիչ |
| Relationship | crr |
| 700 1# - ADDED ENTRY--PERSONAL NAME | |
| Personal name | Գյուրջինյան, Արմեն |
| Relator term | նկարիչ |
| Relationship | art |
| 700 1# - ADDED ENTRY--PERSONAL NAME | |
| Personal name | Նաջարյան, Արթուր |
| Relator term | նկարիչ |
| Relationship | art |
| 942 ## - ADDED ENTRY ELEMENTS (KOHA) | |
| Source of classification or shelving scheme | Universal Decimal Classification |
| Koha item type | Գրքեր / Books |
| Withdrawn status | Lost status | Source of classification or shelving scheme | Damaged status | Not for loan | Collection | Home library | Current library | Date acquired | Total checkouts | Full call number | Barcode | Date last seen | Price effective from | Koha item type | Public note |
|---|---|---|---|---|---|---|---|---|---|---|---|---|---|---|---|
| Universal Decimal Classification | General | Fundamental Scientific Library | Fundamental Scientific Library | 13/09/2024 | AII/112259 | FL0683909 | 13/09/2024 | 13/09/2024 | Գրքեր / Books | 30 Days Loan | |||||
| Universal Decimal Classification | General | Fundamental Scientific Library | Fundamental Scientific Library | 16/09/2024 | AII/112258 | FL0683910 | 16/09/2024 | 16/09/2024 | Գրքեր / Books | 30 Days Loan |
ՀՀ Գիտությունների ազգային ակադեմիայի հիմնարար գիտական գրադարան = Fundamental Scientific Library of NAS RA
All site content, except where otherwise noted, is licensed under a